000 00851nam#a22003135a#4500
001 426
008 060928s19581958ag#a###d######001#0bspa#d
245 1 0 _aFísica Elemental :
_bOptica-Magnetismo - Electricidad /
_cJosé S. Fernandez.
250 _a5ª ed.
260 _aBuenos Aires :
_bNigar,
_c1958.
300 _a520 p. :
_bil., graf ;
_c23 cm.
521 _aEscuelas y colegios de enseñanza media ;
100 1 _aFernandez, José S.
700 1 _aGalloni, Ernesto E.
080 _a535.21
084 _aF38
653 _aFísica
653 _aFotometría
653 _aEspejos
653 _aPolarización-inteferencias
653 _aRadiación
653 _aMagnetismo
653 _aOscilaciones
653 _aFundamentos de la óptica
040 _aAR-ClEAG
_cAR-ClEAG
005 20241107184635.0
003 AR-ClEAG
942 _cBK
999 _c426
_d426
980 _62
_aEvangelina Gallicchio
_82
_gEvangelina Gallicchio